000 00817nam a2200253Ia 4500
003 OSt
005 20221005082237.0
006 a|||||r|||| 00| 0
007 ta
008 221004b |||||||| |||| 00| 0 eng d
020 _a9788176259019 (hbk)
_c1200
024 _a108141
037 _b1115, 18/02/2011, Pioneer Books Distributors
_cTextual
040 _aCRL
_cCRL
_beng
041 _2eng
_aeng
082 _aO111:g, P9
100 _aSimon Shibu
_9611705
245 0 _aBlurred boundaries
_b Reflections on language, literature and ELT
260 _aNew Delhi
_bSarup Book Publishers Pvt. Ltd. India
_c2009
300 _axii, 436p.
_ccm.
650 _aENGLISH LITERATURE
942 _hO111:g, P9
_cTEXL
_2cc
999 _c988987
_d988987